000 00735nam a22002417a 4500
999 _c8096
_d8096
003 AR-CdUCM
008 190322b ||||| |||| 00| 0 spa d
040 _aMUNICIPALIDAD PROVINCIAL DEL CUSCO
_cBIBLIOTECA MUNICIPAL DEL CUSCO
041 _heng
082 _a819 /
_bB41
100 _aBellow, Saul
_96147
245 _aLas memorias de Mosby :
_by otros relatos /
260 _aBarcelona :
_bEdiciones Destino,
_c1969.
300 _a241 páginas ;
_c18 cm.
440 _aAncora y delfín.
_n326
_922867
505 _aContenido: Relatos.
650 _aLiteratura
_983
650 _aRelatos
_9195
650 _aEstadounidense
_922853
700 _aVázquez Zamora, Rafael (traducción)
_922868
942 _2ddc
_cLIBROS
945 _aachl